| 000 | 00497ntaaa2200193 4500 | ||
|---|---|---|---|
| 003 | 01 | ||
| 005 | 20251027201726.0 | ||
| 008 | 0714s1973 ag 01 | ||
| 040 |
_aAR-BaBN _bspa _cAR-BaBN _eaacr _dRIC |
||
| 082 | _a234.2000 Sa2e | ||
| 100 |
_aSaint-Thierry, Guillermo de _915811 |
||
| 245 | _aEl espejo y el enigma de la fe | ||
| 250 | _a1 ed. | ||
| 260 |
_aBuenos Aires : _bClaretiana, _c1981 |
||
| 300 |
_a201 p ; _c19 cm |
||
| 500 | _aPadres Cistercienses | ||
| 650 |
_afe _91848 |
||
| 942 | _cBK | ||
| 999 |
_c11915 _d11915 |
||